Prisons and beyond /

Bibliographic Details
Main Author: Bates, Sanford, 1884-1972
Format: Book
Language:English
Published: New York : Macmillan, [1936]
Subjects:

MARC

Tag First Indicator Second Indicator Subfields
LEADER 00000cam a2200000 4500
001 in00000054771
005 20151008052112.0
008 720811s1936 nyu b 00000 eng u
010 |a  36032878  
020 |a 0836957849 
035 |a (OCoLC)00378467 
035 |9 AAH1684AM 
040 |c CSU  |d TXA  |d UtOrBLW 
049 |a TXAM  |c [68019] 
050 0 0 |a HV8665  |b .B33 
082 0 |a 365 
092 |a 365.973  |b B329p 
100 1 |a Bates, Sanford,  |d 1884-1972. 
245 1 0 |a Prisons and beyond /  |c by Sanford Bates. 
264 1 |a New York :  |b Macmillan,  |c [1936] 
264 4 |c [©1936] 
300 |a xii, 334 pages :  |b illustrations ;  |c 22 cm. 
336 |a text  |b txt  |2 rdacontent 
337 |a unmediated  |b n  |2 rdamedia 
338 |a volume  |b nc  |2 rdacarrier 
504 |a "Books by inmates": pages 229-230; "Selected readings": page 308. 
650 0 |a Prisons. 
650 0 |a Punishment. 
650 0 |a Criminals. 
999 |a MARS 
999 f f |s 0a36b220-7786-3b21-8050-a9093359e5b4  |i c0f9cece-eba9-30f0-9bd7-db0c60212185  |t 0 
952 f f |p ric  |a Texas A&M University  |b Rellis Campus  |c Joint Library Facility  |d Remote Storage  |t 0  |e HV8665 .B33  |h Library of Congress classification  |i unmediated -- volume  |m A14800815127 
998 f f |a HV8665 .B33  |t 0  |l Remote Storage